Województwa Polski - Statystyki

Ogólne statystyki
  • Ten quiz został rozwiązany 9 razy
  • Średni wynik to 10 z 36
Statystyki odpowiedzi
Hint Odpowiedź % Poprawnych
27 kijowskie
57%
17 podlaskie
57%
3 pomorskie
57%
1 poznańskie
57%
10 krakowskie
43%
13 lubelskie
43%
14 mazowieckie
43%
23 wileńskie
43%
6 brzesko-kujawskie
29%
20 brzesko-litewskie
29%
4 chełmińskie
29%
36 dorpackie
29%
2 kaliskie
29%
7 łęczyckie
29%
16 malborskie
29%
30 mińskie
29%
21 nowogródzkie
29%
35 parnawskie
29%
25 podolskie
29%
8 rawskie
29%
12 ruskie
29%
11 sandomierskie
29%
9 sieradzkie
29%
15 warmińskie
29%
19 wołyńskie
29%
18 bełskie
14%
26 bracławskie
14%
5 inowrocławskie
14%
31 mścisławskie
14%
33 połockie
14%
29 smoleńskie
14%
22 trockie
14%
32 witebskie
14%
24 żmudzkie
14%
28 czernichowskie
0%
34 wedeńskie
0%
Nie znaleziono quizów pasujących do podanych kryteriów
Rozkład punktacji
Procent ludzi z każdym wynikiem
Percentyl według liczby udzielonych odpowiedzi
Twoja historia wyników
Nie rozwiązałeś tego quizu